00983nam a2200265 a 4500001001000000003000900010005001700019007000300036008003400039020001800073040003100091082002400122100005200146245011600198264006200314300002900376336002700405337003300432338002800465490003400493505011600527650001500643650002100658710003800679000044650DO-SdBPM20260116131204.0ta141211s2014 dr 000 0 spa d a9789945891218 aDO-SdBPMbspacBPMSU drda 4a465bR789L 20142221 aRosario Candelier, Bruno,d1941-4aut. eautor 13aEl lenguaje del buen decir :bconsultas y entrevistas lingüísticas y literarias /cBruno Rosario Candelier. aSanto Domingo :bAcademia Dominicana de la Lengua,c2014. a341 páginas ;c23 cm. atextobtxt2rdacontent asin mediaciónbn2rdamedia avolumenbnc2rdacarrier0 aEstudios Lingüísticos,v70 aPresentación, vii.-- Correspondencia, 1.-- Sobre el Diccionario del español dominicano, 181.-- Entrevistas, 7aEspañol  7a Lingüística2 aAcademia Dominicana de la Lengua